000 01144nam a2200325Ia 4500
001 ebr10080965
003 CaPaEBR
006 m u
007 cr cn|||||||||
008 021118s2002 enk sb 001 0 eng d
015 _aGBA2-W8084
020 _z9781412933049
020 _z0761970819(cased)
020 _z0761970827(pbk.)
040 _aCaPaEBR
_cCaPaEBR
035 _a(OCoLC)61493661
050 1 4 _aHV6626.5
_b.M864 2002eb
082 0 4 _a362.7
_221
100 1 _aMunro, Eileen,
_d1950-
245 1 0 _aEffective child protection
_h[electronic resource] /
_cEileen Munro.
260 _aLondon :
_bSAGE,
_c2002.
300 _a183 p.
504 _aIncludes bibliographical references and index.
533 _aElectronic reproduction.
_bPalo Alto, Calif. :
_cebrary,
_d2009.
_nAvailable via World Wide Web.
_nAccess may be limited to ebrary affiliated libraries.
650 0 _aChild abuse.
650 0 _aChild welfare.
655 7 _aElectronic books.
_2local
710 2 _aebrary, Inc.
856 4 0 _uhttp://site.ebrary.com/lib/rucke/Doc?id=10080965
_zAn electronic book accessible through the World Wide Web; click to view
999 _c157882
_d157882